000
00342nam a2200133Ia 4500
008
151001s9999||||xx |||||||||||||| ||und||
100
_a
मीना - प्रभू
245
_a
दक्षिणरंग
250
_a
3
260
_b
पुणे प्रकाशन
260
_c
2005
300
_a
296
365
_b
21
999
_c
984627
_d
984624